| 000 | 00452nam a2200181Ia 4500 | ||
|---|---|---|---|
| 005 | 20240823014314.0 | ||
| 008 | 240823s9999||||xx |||||||||||||| ||und|| | ||
| 041 | _aENGLISH | ||
| 082 | _A519 N2 | ||
| 100 | _aVenkatraman M K | ||
| 245 | 0 | _aEngineering Mathematics Part A | |
| 250 | _a9th | ||
| 260 |
_c1989 _b"The National Pub,Madras" |
||
| 500 | _aTRANSFERED | ||
| 650 |
_aEngineering.Mathematics _bMathematics |
||
| 942 | _cBK | ||
| 999 |
_c169703 _d169703 |
||